| 000 | 01230nam a2200325 a 4500 | ||
|---|---|---|---|
| 001 | ebr10574657 | ||
| 003 | CaPaEBR | ||
| 006 | m u | ||
| 007 | cr cn||||||||| | ||
| 008 | 120712s2012 rh c sb 000 0aeng d | ||
| 020 | _z9780797449190 (Chater family) | ||
| 020 | _z9781779221865 | ||
| 020 | _z9781779222046 (e-book) | ||
| 040 |
_aCaPaEBR _cCaPaEBR |
||
| 035 | _a(OCoLC)802977094 | ||
| 043 | _af-rh--- | ||
| 050 | 1 | 4 |
_aBL639 _b.C43 2012eb |
| 100 | 1 | _aChater, Patricia. | |
| 245 | 1 | 0 |
_aHidden treasure _h[electronic resource] : _ba memoir / _cby Patricia Chater ; introduced by Ann Hastings. |
| 260 |
_aHarare [Zimbabwe] : _bWeaver Press, _c2012. |
||
| 300 |
_axii, 155 p. : _bport. |
||
| 504 | _aIncludes bibliographical references. | ||
| 533 |
_aElectronic reproduction. _bPalo Alto, Calif. : _cebrary, _d2011. _nAvailable via World Wide Web. _nAccess may be limited to ebrary affiliated libraries. |
||
| 600 | 1 | 0 | _aChater, Patricia. |
| 650 | 0 |
_aConverts _vBiography. |
|
| 651 | 0 |
_aZimbabwe _xReligion. |
|
| 655 | 7 |
_aElectronic books. _2local |
|
| 710 | 2 | _aebrary, Inc. | |
| 856 | 4 | 0 |
_uhttp://site.ebrary.com/lib/rucke/Doc?id=10574657 _zAn electronic book accessible through the World Wide Web; click to view |
| 999 |
_c79373 _d79373 |
||